62 cây thuốc dân gian chữa bách bệnh
Giới thiệu 62 loại cây thảo dược với những bài thuốc hiệu nghiệm dễ tìm xung quanh ta và một số bài thuốc từ động vật, "thần dược"
Đã lưu trong:
| 主要作者: | |
|---|---|
| 格式: | 图书 |
| 语言: | Undetermined |
| 出版: |
Hà Nội
Văn hóa Thông tin
2001
|
| 主题: | |
| 标签: |
添加标签
没有标签, 成为第一个标记此记录!
|
| Thư viện lưu trữ: | Trung tâm Học liệu Trường Đại học Cần Thơ |
|---|
| LEADER | 00833nam a2200217Ia 4500 | ||
|---|---|---|---|
| 001 | CTU_40569 | ||
| 008 | 210402s9999 xx 000 0 und d | ||
| 020 | |c 19500 | ||
| 082 | |a 615.882 | ||
| 082 | |b D121 | ||
| 100 | |a Vũ, Hiếu Dân | ||
| 245 | 0 | |a 62 cây thuốc dân gian chữa bách bệnh | |
| 245 | 0 | |c Vũ Hiếu Dân | |
| 260 | |a Hà Nội | ||
| 260 | |b Văn hóa Thông tin | ||
| 260 | |c 2001 | ||
| 520 | |a Giới thiệu 62 loại cây thảo dược với những bài thuốc hiệu nghiệm dễ tìm xung quanh ta và một số bài thuốc từ động vật, "thần dược" | ||
| 650 | |a Botany, medical,Folk medicine,Medical plants | ||
| 650 | |z Vietnam | ||
| 904 | |i Minh, 010322 | ||
| 980 | |a Trung tâm Học liệu Trường Đại học Cần Thơ | ||